| 000 | 00914nam a22002415i 4500 | ||
|---|---|---|---|
| 001 | 177123 | ||
| 003 | ES-MaACL | ||
| 005 | 20250812022437.0 | ||
| 008 | 110304s1967 sp afo |||| | spa d | ||
| 080 | _a7.032(38) | ||
| 100 | 1 |
_aSchuchhardt, Walter-Herwig. _9145457 |
|
| 245 | 1 | 0 |
_aGrecia / _cWalter-Herwig Schuchhardt ; [traducido por C. del Pozo y A. Echevarría]. |
| 260 |
_aBilbao : _bMoretón, _cD. L. 1967. |
||
| 300 |
_a202, [16] p. de lám. col. y n. : _bil. col. y n. ; _c17 cm. |
||
| 490 | 1 |
_aBiblioteca de divulgación cultural. Historia del arte universal ; _v5 |
|
| 500 | _aÍndice. | ||
| 650 | 7 |
_aArte griego _2embne _910221 |
|
| 700 | 0 |
_aPozo, Carlos del. _993535 |
|
| 700 | 1 |
_aEchevarría Pagola, Abilio. _946562 |
|
| 830 | 0 | 0 |
_aBiblioteca de divulgación cultural. _pHistoria del arte universal _v5 _9190363 |
| 852 |
_aES-MaACL _jE-14545 _xOlim P-1406 |
||
| 999 |
_c177123 _d177123 |
||